000 00750nam a22002051cc4500
001 a987680631+Band1
035 _aa987680631
008 170707s1985 gw |||| 000u eng d
020 _a0198284446
_90-19-828444-6
245 0 4 _aThe economic history of Eastern Europe 1919-1975
_nBand 1
_pEconomic structure and performance between the two wars
264 _aOxford :
_bClarendon Press,
_c1985
300 _a616 Seiten
700 1 _aKaser, M. C.
_eHerausgeberIn
_917589
700 1 _aRadice, E. A.
_eHerausgeberIn
_917590
246 1 2 _aThe economic history of Eastern Europe 1919-1975. Economic structure and performance between the two wars
_nBand 1
773 0 8 _wa987680631
_qBand1
942 _cMG
040 _cRU-10907106
003 RU-10907106
999 _c45485
_d45485